Delaware Football: Top 10 All-Time Leaders - Statistics

General Stats
  • This quiz has been taken 4 times
  • The average score is 19 of 60
Answer Stats
Category # Player Amount % Correct
Passing Yards 2 Joe Flacco 7,046
100%
Passing Yards 6 Rich Gannon 5,927
75%
Passing Yards 10 Andy Hall 4,596
50%
Passing Yards 3 Bill Vergantino 6,487
50%
Rushing Yards 7 Bill Vergantino 2,564
50%
Rushing Yards 4 Chuck Hall 3,157
50%
Rushing Yards 1 Daryl Brown 4,587
50%
Passing Yards 8 Jeff Komlo 5,256
50%
Rushing Yards 10 Marcus Yarns 2,344
50%
Passing Yards 1 Matt Nagy 8,214
50%
Receiving Yards 6 Michael Johnson 2,325
50%
Receiving Yards 4 Aaron Love 2,459
25%
Rushing Yards 2 Andrew Pierce 4,459
25%
Interceptions T5 Anthony Walters 15
25%
Interceptions T9 Bernie Ebersole 13
25%
Interceptions 8 Bill Maley 14
25%
Tackles 8 Brian McKenna 341
25%
Tackles 10 Charles Bell 335
25%
Sacks 4 Chase McGowan 22.0
25%
Sacks 6 Chuck Brice 21.0
25%
Receiving Yards 2 Courtney Batts 3,522
25%
Tackles 3 Dan Mulhern 418
25%
Tackles 1 Darrell Booker 506
25%
Receiving Yards 9 David Boler 2,108
25%
Rushing Yards 8 Dejoun Lee 2,447
25%
Sacks 7 Denis Hulme 20.5
25%
Tackles 6 Dorrell Green 350
25%
Interceptions 2 Dorrell Green 18
25%
Receiving Yards 1 Eddie Conti 3,737
25%
Rushing Yards 9 Gardy Kahoe 2,374
25%
Interceptions 1 George Schmitt 22
25%
Receiving Yards 3 Jamin Elliott 3,068
25%
Sacks 3 Joe McGrail 23.0
25%
Interceptions T9 Joe Purzycki 13
25%
Sacks 2 John Levelis 24.0
25%
Receiving Yards 10 Justin Long 1,910
25%
Interceptions 4 Ken Lucas 16
25%
Tackles 4 Kenny Bailey 414
25%
Passing Yards 9 Leo Hamlett 4,993
25%
Interceptions T5 Lou Reda 15
25%
Receiving Yards 7 Mark Duncan 2,291
25%
Sacks T8 Mark Hrubar 19.0
25%
Sacks 1 Matt Morrill 30.0
25%
Sacks 5 Mike Cecere 21.5
25%
Tackles 7 Mondoe Davis 342
25%
Rushing Yards 6 Nate Beasley 2,697
25%
Receiving Yards 8 Nihja White 2,255
25%
Passing Yards 5 Nolan Henderson 6,429
25%
Rushing Yards 3 Omar Cuff 4,364
25%
Passing Yards 7 Pat Devlin 5,696
25%
Tackles 9 Pat Mulhern 338
25%
Tackles 5 Paul Worrilow 377
25%
Tackles 2 Ralph D'Angelo 433
25%
Interceptions T5 Ron Klein 15
25%
Receiving Yards 5 Thyrick Pitts 2,429
25%
Sacks 10 Tom Parks 18.5
25%
Passing Yards 4 Trent Hurley 6,446
25%
Sacks T8 Vaughn Dickinson 19.0
25%
Rushing Yards 5 Vern Roberts 2,760
25%
Interceptions 3 Warren McIntire 17
25%
No matching quizzes found
Score Distribution
Percent of People with Each Score
Percentile by Number Answered
Your Score History
You have not taken this quiz